Vida de Cristo

I tiakina i:
Ngā taipitopito rārangi puna kōrero
Kaituhi matua: Sheen, Fulton J (Author)
Hōputu: Pukapuka
Reo:Pāniora
I whakaputaina: Barcelona Herder 1959
Ngā marau:
Ngā Tūtohu: Tāpirihia he Tūtohu
Kāore He Tūtohu, Me noho koe te mea tuatahi ki te tūtohu i tēnei pūkete!

MARC

LEADER 00000nam a2200000 a 4500
001 UCL1771
003 CL-VaPUC
008 030926e19590000SP |||||||||||||||||spa|d
082 0 4 |a 232  |b SHE  |2 21 
100 0 |a Sheen, Fulton J  |e author  |9 478602 
245 1 0 |a Vida de Cristo 
300 |a 631 p 
942 |c BK 
945 |d 20030926 00:00:00  |a vberengu 
260 |a Barcelona  |b Herder  |c 1959 
650 0 |a Cristología   |9 315091 
583 |a last modification  |c 20030926 00:00:00  |k Rodrigo Vera 
999 |c 305212  |d 305210 
952 |0 0  |1 0  |4 0  |6 232_000000000000000_SHE_1959  |7 0  |8 A  |9 368319  |a BIBTEO  |b BIBTEO  |d 2019-11-21  |i 2078279  |o 232 SHE 1959  |p 2078279  |r 2025-01-17  |w 2019-11-21  |y BK  |k ICR